[Event "Linares zt"]
[Site "Linares"]
[Date "1995.??.??"]
[Round "3"]
[White "Hodgson, Julian M"]
[Black "Magem Badals, Jordi"]
[Result "1-0"]
[WhiteElo "2590"]
[BlackElo "2560"]
[Annotator "Stohl,I"]
[PlyCount "83"]
[EventDate "1995.11.??"]
[EventType "swiss"]
[EventRounds "11"]
[EventCountry "ESP"]
[SourceTitle "CBM 051"]
[Source "ChessBase"]
[SourceDate "1996.04.01"]
[SourceVersion "1"]
[SourceVersionDate "1996.04.01"]
[SourceQuality "1"]

1. d4 {Hecht} Nf6 2. Bg5 e6 3. e4 h6 4. Bxf6 Qxf6 5. Nc3 d6 6. Qd2 c6 (6... g6
7. f4 $5 Bg7 8. Nf3 a6 9. O-O-O Nd7 10. Bd3 g5 11. g3 b6 12. e5 Qe7 13. Rhe1 g4
14. Nh4 dxe5 15. Be4 Rb8 16. fxe5 Qg5 17. Re3 h5 18. Ng2 Bb7 19. Nf4 Bxe4 20.
Nxe4 Qe7 21. Rc3 $16 {Malmstig,E-Livner,A/Borlange SWE-chJ/1995/}) (6... g5 $5
7. h4 Bg7 8. hxg5 hxg5 9. Rxh8+ Bxh8 10. O-O-O Bd7 11. Nf3 Nc6 12. d5 Nb4 13.
Bc4 b5 14. e5 Qf4 15. Qxf4 gxf4 16. Nxb5 Bxb5 17. Bxb5+ Ke7 18. dxe6 fxe6 19.
exd6+ cxd6 20. c3 Nxa2+ 21. Kc2 Rc8 22. Ra1 Nb4+ 23. Kd2 $14 {Lputian,
S-Tukmakov,V/Tilburg 20'/1994/}) (6... Qd8 $6 7. O-O-O Be7 8. f4 Nd7 9. Nf3 O-O
10. Kb1 c5 11. d5 Nf6 12. dxe6 Bxe6 13. Rg1 Rb8 14. f5 Bd7 15. g4 Nh7 16. h4
Bxh4 17. Qxd6 Bf2 18. Rg2 Bd4 19. Nxd4 cxd4 20. Rxd4 Bc6 21. Qxd8 Rbxd8 22.
Rgd2 Rxd4 23. Rxd4 $16 {Kinsman,A-Pichler,J/2.BLW 9495/1994/}) (6... Nd7 7. f4
a6 8. Nf3 b5 9. e5 dxe5 10. fxe5 Qd8 11. Bd3 Bb7 12. Ne4 Be7 13. O-O-O c5 14.
dxc5 Nxc5 15. Nxc5 Bxc5 16. Qe2 Qb6 17. Kb1 Rd8 18. Rhf1 O-O 19. Nd2 Be3 20.
Rde1 Bxd2 21. Qxd2 Rd4 22. Qe3 Qd8 23. Rf2 Bd5 24. b3 Bc4 $5 $132 {Mah,
K-Berescu,A/WchJM-U16 Guarapuava/1995/}) 7. f4 e5 (7... g5 $6 8. f5 $1 exf5 9.
O-O-O fxe4 10. Nxe4 Qg6 11. Bd3 f5 12. Re1 $1 $40 fxe4 13. Bxe4 Qf6 14. Bxc6+
Kd8 15. Qa5+ b6 16. Qc3 Nxc6 17. Qxc6 Bg7 18. Qxa8 Qxd4 19. c3 Qf4+ 20. Kb1
Qf5+ 21. Ka1 Qf2 22. Nf3 Qxg2 23. Qxa7 $18 {David,Al-Daly,C/Linares zt/1995/})
8. dxe5 dxe5 9. f5 Qd6 (9... g6 $5 10. Bd3 Nd7 11. Nge2 h5 12. O-O Bh6 13. Qe1
Qe7 14. Kh1 Nf6 15. Ng1 g5 16. Rb1 g4 17. b4 h4 18. Be2 Be3 19. Rb3 Bd7 20. Nb1
Bd4 21. Bd1 O-O-O 22. c3 Bb6 23. Na3 Kb8 24. Nc4 Bc8 25. Nxb6 axb6 26. Qe3 $13
{Minasian,A-Glek,I/Moscow Tal/1992/}) 10. Bd3 Be7 11. Nf3 Nd7 (11... b5 $6 12.
a4 b4 13. Nd1 {[%csl Rc4][%cal Yd1e3] /\Ne3,><c4}) 12. a4 $1 $146 {[%cal Yd3c4,
Ga2g8] ()<<,/\Bc4/^a2-g8 The c4-square is extremely important for White's B,
otherwise he might land in a passive position with an inactive Bd3.} (12. O-O-O
Qc7 13. g4 Nc5 14. h4 b5 15. Kb1 Ba6 16. Ne2 O-O-O 17. Qe3 f6 18. Nc1 Na4 19.
Be2 c5 20. Rxd8+ Rxd8 21. b3 Nb6 22. c3 c4 23. b4 Na4 24. Rd1 Bb7 25. Rxd8+
Bxd8 26. Nd2 Qd6 27. Kc2 Bb6 $17 {Vehi Bach,VM-Epishin,V/Manresa/1995/}) 12...
a5 (12... Nc5 13. Bc4 Qxd2+ 14. Kxd2 Bd6 (14... f6 15. Nh4 $36) 15. g4 $14) 13.
g4 Qc5 14. Qf2 $5 Qxf2+ (14... Qb4 $142 15. O-O-O Bc5 $132) 15. Kxf2 Bd6 16.
Bc4 $1 $14 Nf6 17. Rad1 {@()>>} Bc7 (17... Nxg4+ 18. Ke2 (18. Kg3 $2 Ne3 19.
Bxf7+ Ke7 20. Rd3 Nxc2 21. Rhd1 Nd4 $1 $17) 18... Bc5 (18... Bc7 19. Rhg1 $16)
19. Rd2 $1 $8 O-O (19... Be3 20. Rd3 Bc5 21. Rf1 {[%cal Rh2h3,Rf3e5] /\h3,Ne5|^
}) 20. h3 Nf6 21. Nxe5 Bb4 22. Kf3 $36 {[%csl Ge4,Ge5,Gf5,Rc8,Rf7] [+],ץc8,f7}
) 18. g5 $1 hxg5 19. Nxg5 Rf8 $8 20. Ne2 Bd7 $6 (20... Ke7 $142 21. Ng3 (21. h4
Nh5 $5 {[%cal Yg7g6,Yh5f4] /\g6,Nf4<=>}) 21... g6 22. h4 $5 $14) 21. h4 Ke7 22.
h5 $1 {[%csl Rg7] ><g7 After fixing the g7-pawn White gradually pushes Black
off the board. Black's position is extremely cramped and his Bishops,
especially Bd7, have only a limited defensive role.} Be8 (22... b5 $142 23. Bb3
(23. axb5 cxb5 24. Ba2 a4 $132) 23... Rab8 24. h6 $1 $36) 23. Rd3 (23. h6 $2
gxh6 24. Rxh6 Rg8 $17) 23... Rh8 24. Ng3 Rd8 25. Rb3 $16 Rb8 $6 (25... b6 26.
Ke2 $16) 26. Rd1 Rh6 (26... Nxh5 27. Bxf7 $1 Nxg3 28. Kxg3 Bxf7 29. Nxf7 Rh5
30. Rbd3 $18 {_|_}) 27. Kf3 Nh7 (27... Nxh5 28. Bxf7 Nxg3 29. Kxg3 Kf6 30. Kg4
$1 $40) 28. Kg4 Nxg5 29. Kxg5 f6+ 30. Kg4 {[%csl Rb7,Rg7] ><b7,g7} Bd7 31. Bf7
$1 (31. Rbd3 Be8 $5) 31... Rhh8 32. Rbd3 Rbd8 33. Be6 $1 {The nice pawn
sacrifice, which activates the Ng3.} Bxe6 $6 {After this White's advantage
will be decisive, Black should have avoided the exchange of B.} (33... Be8 $1
$16 {[]}) 34. fxe6 Rxd3 (34... Kxe6 35. Nf5 Rxd3 {-34...Rd3}) 35. Rxd3 {
Hecht: TS-TL: guter S vs. schlechten L, schwarze B-Schwächen ist Kompensation
für den weißen Minusbauern, unzureichende schwarze Verteidigung} Kxe6 36. Nf5
Rg8 (36... Rh7 37. Rb3 b6 38. Rc3 Kd7 39. Rd3+ Ke6 40. c4 $1 {(.) Black has
run out of moves.}) 37. Rb3 b6 38. Rc3 Kd7 (38... c5 $142 39. Kh4 Kf7 40. Rd3 (
40. Rg3 {Hecht} Bd8 41. Rd3 Ke8 $14) 40... Rd8 41. Rg3 Rg8 42. Rg6 {[%cal
Yh4g4,Yg4e2,Ye2b5,Yb5c6] /\Kg4-f3-e2-d3-c4-b5-c6-+}) 39. Kh4 $1 {[%cal Rc3g3] /
\Rg3+-} g6 $8 40. Rg3 g5+ 41. Kg4 {[%csl Gh5] o^h} Ke6 42. Rd3 {[%cal Rh5h7,
Rg4h5,Rh5g6] /\h6,Kh5,h7,Kg6+-} 1-0

[Event "Titled Tuesday 17th Nov"]
[Site "chess.com INT"]
[Date "2020.11.17"]
[Round "11"]
[White "Indjic, A."]
[Black "Ter Sahakyan, S."]
[Result "1-0"]
[WhiteElo "2604"]
[BlackElo "2640"]
[PlyCount "89"]
[EventDate "2020.11.17"]
[EventType "swiss (blitz)"]
[EventRounds "11"]
[SourceTitle "The Week in Chess 1359"]
[Source "Mark Crowther"]
[SourceDate "2020.11.23"]
[SourceVersion "2"]
[SourceVersionDate "2020.11.24"]
[SourceQuality "2"]

1. d4 Nf6 2. Bg5 Ne4 3. h4 d5 4. e3 c5 5. Nd2 Nxd2 6. Qxd2 Nc6 7. c3 Bg4 8. f3
h6 9. Bf4 Bf5 10. Bd3 Bxd3 11. Qxd3 Qb6 12. Rb1 e6 13. Ne2 Be7 14. g4 a5 15. a4
Qa6 16. Qc2 Rc8 17. Qb3 cxd4 18. exd4 Qd3 19. Kf2 Qa6 20. g5 hxg5 21. hxg5 Kd7
22. Rbg1 g6 23. Rh6 Rxh6 24. gxh6 Bh4+ 25. Ke3 Rh8 26. Nc1 Ne7 27. Nd3 Nf5+ 28.
Kd2 Kc8 29. Nc5 Qc6 30. Rh1 g5 31. Be5 Rxh6 32. Nd3 g4 33. Bf4 Rg6 34. Ne5 Qe8
35. fxg4 Bg3 36. Nxg6 fxg6 37. Rf1 Bxf4+ 38. Rxf4 g5 39. Rf3 Nd6 40. Kc1 Ne4
41. Qb6 Qe7 42. Qxa5 Qh7 43. Rf8+ Kd7 44. Qb5+ Kd6 45. Qb6+ 1-0

[Event "Warsaw Najdorf Memorial op-A 14th"]
[Site "Warsaw"]
[Date "2016.07.16"]
[Round "9"]
[White "Indjic, Aleksandar"]
[Black "Bok, Benjamin"]
[Result "1-0"]
[WhiteElo "2547"]
[BlackElo "2613"]
[PlyCount "57"]
[EventDate "2016.07.08"]
[EventType "swiss"]
[EventRounds "9"]
[EventCountry "POL"]
[SourceTitle "CBM 173 Extra"]
[Source "ChessBase"]
[SourceDate "2016.08.29"]
[SourceVersion "1"]
[SourceVersionDate "2016.08.29"]
[SourceQuality "1"]

1. d4 Nf6 2. Bg5 d5 3. e3 c5 4. Bxf6 gxf6 5. c4 cxd4 6. exd4 Nc6 7. Nc3 dxc4 8.
Bxc4 Qxd4 9. Nd5 Qe5+ 10. Ne2 Bg7 11. O-O O-O 12. Nec3 e6 13. Re1 Qg5 14. Ne4
Qh6 15. Nc7 Rb8 16. Nd6 f5 17. Re3 Be5 18. Rh3 Qg6 19. Qd2 Rd8 20. Rd3 f4 21.
Rd1 f3 22. g3 Qg4 23. h3 Qxh3 24. Qg5+ Kf8 25. Rxf3 Rxd6 26. Rxd6 Bxd6 27. Qf6
Kg8 28. Qxf7+ Kh8 29. Nxe6 1-0

[Event "Wch Blitz 8th"]
[Site "Dubai"]
[Date "2014.06.19"]
[Round "8"]
[White "Ipatov, Alexander"]
[Black "Aleksandrov, Aleksej"]
[Result "1-0"]
[WhiteElo "2613"]
[BlackElo "2554"]
[PlyCount "71"]
[EventDate "2014.06.19"]
[EventType "swiss (blitz)"]
[EventRounds "21"]
[EventCountry "UAE"]
[SourceTitle "CBM 160 Extra"]
[Source "ChessBase"]
[SourceDate "2014.07.01"]
[SourceVersion "1"]
[SourceVersionDate "2014.07.01"]
[SourceQuality "1"]

1. d4 Nf6 2. Bg5 e6 3. Nd2 h6 4. Bh4 c5 5. e3 b6 6. Ngf3 Bb7 7. Bd3 d6 8. O-O
Nbd7 9. c3 Be7 10. Qe2 O-O 11. a4 a6 12. Rfd1 Re8 13. b4 Nd5 14. Bxe7 Qxe7 15.
Rac1 cxb4 16. cxb4 Nxb4 17. Rc7 Rab8 18. e4 Rec8 19. Rxc8+ Rxc8 20. Bb1 e5 21.
Nc4 exd4 22. Nxd4 d5 23. Nf5 Qf6 24. e5 Qd8 25. Ncd6 Rb8 26. e6 Nf6 27. Nxf7
Qc7 28. Qb2 Nc6 29. N7xh6+ Kf8 30. Qa3+ Ne7 31. Rc1 Qd8 32. Nf7 Qe8 33. N5d6
Bc6 34. Nxe8 Bxe8 35. Ne5 b5 36. Qd6 1-0

[Event "Bundesliga 1415"]
[Site "Germany"]
[Date "2014.10.19"]
[Round "2.2"]
[White "Ipatov, Alexander"]
[Black "Ftacnik, Lubomir"]
[Result "1-0"]
[WhiteElo "2607"]
[BlackElo "2557"]
[PlyCount "93"]
[EventDate "2014.10.18"]
[EventType "team-tourn"]
[EventRounds "15"]
[EventCountry "GER"]
[SourceTitle "CBM 163"]
[Source "ChessBase"]
[SourceDate "2014.11.11"]
[SourceVersion "1"]
[SourceVersionDate "2014.11.11"]
[SourceQuality "1"]
[WhiteTeam "Emsdetten Turm"]
[BlackTeam "Hamburger SK"]
[WhiteTeamCountry "GER"]
[BlackTeamCountry "GER"]

1. d4 Nf6 2. Bg5 d5 3. Bxf6 gxf6 4. e3 c5 5. dxc5 e6 6. Nc3 Bxc5 7. Qh5 Nd7 8.
O-O-O f5 9. Nxd5 exd5 10. Rxd5 Qe7 11. Nf3 Nb6 12. Bb5+ Bd7 13. Bxd7+ Nxd7 14.
Qxf5 O-O-O 15. Re5 Qd6 16. Rd1 Qc7 17. Rxd7 Qxd7 18. Rxc5+ Kb8 19. Qxd7 Rxd7
20. Rf5 Rhd8 21. Nd4 Rg8 22. g3 Rg6 23. b3 Kc8 24. c4 Kd8 25. Kc2 Ke8 26. Kc3
Rdd6 27. Re5+ Kd7 28. h4 Rdf6 29. Nf5 Re6 30. Rd5+ Kc7 31. f3 h5 32. e4 a6 33.
Kd4 Re8 34. Ke3 b6 35. Kf4 f6 36. b4 Re6 37. a4 Re8 38. a5 bxa5 39. Rxa5 Re6
40. Ne3 Rh6 41. Nd5+ Kb7 42. b5 axb5 43. cxb5 Rh8 44. b6 Kc6 45. Ra7 Rd6 46.
Rc7+ Kb5 47. Rf7 1-0

[Event "Chigorin Memorial blitz 22nd"]
[Site "St Petersburg"]
[Date "2014.10.17"]
[Round "9"]
[White "Ivanisevic, Ivan"]
[Black "Levin, Evgeny A"]
[Result "1-0"]
[WhiteElo "2623"]
[BlackElo "2507"]
[PlyCount "89"]
[EventDate "2014.10.17"]
[EventType "swiss (blitz)"]
[EventRounds "13"]
[EventCountry "RUS"]
[SourceTitle "EXT 2015"]
[Source "ChessBase"]
[SourceDate "2014.11.20"]
[SourceVersion "1"]
[SourceVersionDate "2014.11.20"]
[SourceQuality "1"]

1. d4 Nf6 2. Bg5 e6 3. Nd2 h6 4. Bh4 c5 5. e4 d5 6. e5 g5 7. Bg3 Nfd7 8. h4 g4
9. Qxg4 cxd4 10. Ngf3 Nc6 11. Bd3 Qb6 12. O-O Qxb2 13. Rab1 Qa3 14. Nb3 Nc5 15.
Nbxd4 Nxd4 16. Nxd4 a6 17. Qf3 Bd7 18. h5 Rg8 19. Bh4 Qa4 20. c3 Nxd3 21. Qxd3
b5 22. Bf6 Rc8 23. Rb3 Qc4 24. Qh7 Rg4 25. f3 Rg3 26. Rd1 b4 27. Kh2 bxc3 28.
Kxg3 c2 29. Nxc2 Ba4 30. Nd4 Bxb3 31. axb3 Qc3 32. Qd3 Qb2 33. Qe2 Qc3 34. Qxa6
Qc5 35. Qb5+ Qxb5 36. Nxb5 Rc2 37. Ra1 Bc5 38. Nd6+ Kd7 39. Nxf7 Bf2+ 40. Kh3
Be3 41. Bg7 d4 42. Bxh6 Bxh6 43. Nxh6 Kc6 44. Ng4 d3 45. Rd1 1-0

[Event "Tata Steel-C 73rd"]
[Site "Wijk aan Zee"]
[Date "2011.01.23"]
[Round "8"]
[White "Ivanisevic, Ivan"]
[Black "Nyzhnyk, Illya"]
[Result "1-0"]
[WhiteElo "2630"]
[BlackElo "2530"]
[PlyCount "113"]
[EventDate "2011.01.14"]
[EventType "tourn"]
[EventRounds "13"]
[EventCountry "NED"]
[EventCategory "11"]
[SourceTitle "CBM 141"]
[Source "ChessBase"]
[SourceDate "2011.03.17"]
[SourceVersion "1"]
[SourceVersionDate "2011.03.17"]
[SourceQuality "1"]

1. d4 Nf6 2. Bg5 e6 3. c4 c5 4. d5 d6 5. Nc3 Be7 6. dxe6 fxe6 7. e3 O-O 8. Bd3
Nc6 9. Nf3 Qe8 10. O-O Qh5 11. Be2 Qg6 12. Bh4 Bd7 13. Qd3 Qxd3 14. Bxd3 Rad8
15. Rfd1 h6 16. Rd2 g5 17. Bg3 Nh5 18. Rad1 Nxg3 19. hxg3 Be8 20. Nh2 Bf7 21.
Be4 a6 22. f4 Kg7 23. b3 Na5 24. Bf3 h5 25. g4 hxg4 26. Nxg4 Bh5 27. g3 Nc6 28.
Ne4 e5 29. Nxe5 dxe5 30. Bxh5 Rxd2 31. Rxd2 Kh6 32. Rh2 gxf4 33. Be8+ Kg7 34.
Bxc6 bxc6 35. Rh5 fxe3 36. Rxe5 Rf7 37. Re6 Kf8 38. Kg2 Rf5 39. Nc3 Rf2+ 40.
Kh3 Bf6 41. Rxe3 Bxc3 42. Rxc3 Rxa2 43. Re3 Kf7 44. Kg4 Kf6 45. Kf4 Rf2+ 46.
Ke4 Rg2 47. Kf4 Rf2+ 48. Rf3 Re2 49. g4 Re1 50. g5+ Kg6 51. Rd3 Rf1+ 52. Ke5
Rf5+ 53. Kd6 Kxg5 54. Kxc6 Kf6 55. Re3 Rh5 56. Kb6 Rh8 57. Kxc5 1-0

[Event "EU-ch Internet Gr-F 3rd"]
[Site "playchess.com INT"]
[Date "2006.01.22"]
[Round "1.4"]
[White "Ivanisevic, Ivan"]
[Black "Sutovsky, Emil"]
[Result "1-0"]
[WhiteElo "2588"]
[BlackElo "2624"]
[PlyCount "47"]
[EventDate "2006.01.22"]
[EventType "tourn (blitz)"]
[EventRounds "12"]
[EventCountry "GER"]
[SourceTitle "EXT 2007"]
[Source "ChessBase"]
[SourceDate "2006.11.23"]
[SourceVersion "1"]
[SourceVersionDate "2006.11.23"]
[SourceQuality "1"]

1. d4 Nf6 2. Bg5 Ne4 3. Bf4 c5 4. f3 Nf6 5. d5 Nh5 6. Bc1 e5 7. Nh3 f5 8. d6
Nc6 9. Nc3 Nd4 10. e3 Bxd6 11. exd4 cxd4 12. Nb5 Be7 13. c3 O-O 14. cxd4 e4 15.
f4 Nf6 16. Nc3 Ng4 17. Be2 Bh4+ 18. g3 Nxh2 19. gxh4 Qxh4+ 20. Nf2 Qg3 21. Qb3+
Kh8 22. Nd5 Nf3+ 23. Bxf3 exf3 24. Be3 1-0

[Event "Wch Blitz 9th"]
[Site "Berlin"]
[Date "2015.10.13"]
[Round "11"]
[White "Ivanisevic, Ivan"]
[Black "Sanal, Vahap"]
[Result "1-0"]
[WhiteElo "2653"]
[BlackElo "2501"]
[PlyCount "57"]
[EventDate "2015.10.13"]
[EventType "swiss (blitz)"]
[EventRounds "21"]
[EventCountry "GER"]
[SourceTitle "CBM 168 Extra"]
[Source "ChessBase"]
[SourceDate "2015.10.29"]
[SourceVersion "1"]
[SourceVersionDate "2015.10.29"]
[SourceQuality "1"]

1. d4 Nf6 2. Bg5 e6 3. c4 d5 4. Nc3 Be7 5. e3 O-O 6. Rc1 Nbd7 7. Nf3 h6 8. Bh4
Re8 9. a3 b6 10. cxd5 Nxd5 11. Nxd5 exd5 12. Bg3 c5 13. Bb5 Bb7 14. dxc5 bxc5
15. O-O a6 16. Ba4 Bf6 17. Qb3 Qb6 18. Qxb6 Nxb6 19. Bxe8 Rxe8 20. Rxc5 d4 21.
Nxd4 Na4 22. Rc7 Be4 23. b3 Nb2 24. Rfc1 Nd3 25. Rc8 Rxc8 26. Rxc8+ Kh7 27. f3
Bd5 28. Rc3 Ne5 29. Rc5 1-0

[Event "SRB-chT 1st"]
[Site "Zlatibor"]
[Date "2007.08.24"]
[Round "4"]
[White "Ivanisevic, Ivan"]
[Black "Pavlovic, Milos"]
[Result "1-0"]
[WhiteElo "2595"]
[BlackElo "2541"]
[PlyCount "73"]
[EventDate "2007.08.21"]
[EventType "team-tourn"]
[EventRounds "11"]
[EventCountry "YUG"]
[SourceTitle "CBM 120 Extra"]
[Source "ChessBase"]
[SourceDate "2007.11.01"]
[SourceVersion "1"]
[SourceVersionDate "2007.11.01"]
[SourceQuality "1"]

1. d4 Nf6 2. Bg5 e6 3. e4 h6 4. Bxf6 Qxf6 5. c3 d5 6. Nd2 c5 7. Ngf3 cxd4 8.
Nxd4 Bc5 9. Bb5+ Bd7 10. Qa4 Bxd4 11. Bxd7+ Nxd7 12. cxd4 b5 13. Qb4 a5 14.
Qxb5 Qxd4 15. Rc1 dxe4 16. O-O O-O 17. Rfd1 Nf6 18. Nc4 Qa7 19. Ne3 Rab8 20.
Qe5 a4 21. Rc4 Rfc8 22. Rdc1 Rxc4 23. Rxc4 Rd8 24. h3 Qa6 25. Qc7 Ra8 26. Rb4
Nd5 27. Nxd5 exd5 28. Rd4 Qe2 29. Qc3 Rb8 30. Rxd5 Qxb2 31. Qc4 a3 32. Rf5 Rf8
33. g4 Qb1+ 34. Kg2 Qb7 35. Qd5 Qb1 36. Rf4 e3 37. fxe3 1-0

[Event "Wch Rapid"]
[Site "Berlin"]
[Date "2015.10.12"]
[Round "13"]
[White "Ivanisevic, Ivan"]
[Black "Hausrath, Daniel"]
[Result "1-0"]
[WhiteElo "2653"]
[BlackElo "2503"]
[PlyCount "127"]
[EventDate "2015.10.10"]
[EventType "swiss (rapid)"]
[EventRounds "15"]
[EventCountry "GER"]
[SourceTitle "CBM 168 Extra"]
[Source "ChessBase"]
[SourceDate "2015.10.29"]
[SourceVersion "1"]
[SourceVersionDate "2015.10.29"]
[SourceQuality "1"]

1. d4 Nf6 2. Bg5 Ne4 3. h4 c5 4. d5 Qb6 5. Nd2 Nxd2 6. Bxd2 Qxb2 7. e4 Qd4 8.
Bd3 c4 9. Nf3 Qc5 10. Be2 e6 11. Bc3 exd5 12. exd5 Be7 13. Ng5 d6 14. Bxg7 Rg8
15. Bd4 Qxd5 16. Bf3 Qa5+ 17. c3 Nc6 18. O-O h6 19. Ne4 Nxd4 20. Qxd4 Qe5 21.
Rfd1 Qxd4 22. Rxd4 Be6 23. Nxd6+ Bxd6 24. Rxd6 Ke7 25. Rd4 Rab8 26. Re1 b5 27.
Bd5 Rgd8 28. Bxe6 fxe6 29. Rg4 Rg8 30. Rge4 Rb6 31. Re5 Kf6 32. Rh5 Kg6 33. Rc5
Rd8 34. Re3 Rd1+ 35. Kh2 Rd3 36. Kg3 Rxe3+ 37. fxe3 a6 38. a4 b4 39. cxb4 Rxb4
40. a5 Rb3 41. Kf3 c3 42. Rc6 Rb5 43. Rxe6+ Kf7 44. Rc6 Rxa5 45. Rxc3 Ra4 46.
e4 a5 47. Kf4 Ra2 48. Rc7+ Ke6 49. Rc6+ Kf7 50. g4 Kg7 51. h5 a4 52. Rg6+ Kh7
53. Ra6 Kg7 54. Ra7+ Kg8 55. Kf5 Kf8 56. e5 a3 57. g5 hxg5 58. Kg6 g4 59. h6 g3
60. h7 Rh2 61. Rxa3 Rh3 62. Ra1 Ke7 63. Kg7 Ke6 64. Re1 1-0

[Event "BIH-chT"]
[Site "Neum"]
[Date "2004.06.06"]
[Round "9.2"]
[White "Ivanisevic, Ivan"]
[Black "Kozul, Zdenko"]
[Result "1-0"]
[WhiteElo "2550"]
[BlackElo "2627"]
[PlyCount "23"]
[EventDate "2004.05.29"]
[EventType "team"]
[EventRounds "9"]
[EventCountry "BIH"]
[SourceTitle "CBM 102"]
[Source "ChessBase"]
[SourceDate "2004.09.23"]
[SourceVersion "1"]
[SourceVersionDate "2004.09.23"]
[SourceQuality "1"]
[WhiteTeam "Sokolac"]
[BlackTeam "Sarajevo Bosna"]
[WhiteTeamCountry "BIH"]
[BlackTeamCountry "BIH"]

1. d4 Nf6 2. Bg5 c6 3. Bxf6 gxf6 4. e3 Qb6 5. Qc1 d5 6. c4 e5 7. Nc3 Bh6 8. Nf3
Bg4 9. dxe5 Bxf3 10. gxf3 d4 11. Ne4 dxe3 12. Ke2 1-0

[Event "Bar Sozina op"]
[Site "Bar"]
[Date "2005.03.07"]
[Round "4"]
[White "Ivanisevic, Ivan"]
[Black "Fedorchuk, Sergey A"]
[Result "1-0"]
[WhiteElo "2530"]
[BlackElo "2570"]
[PlyCount "71"]
[EventDate "2005.03.04"]
[EventType "swiss"]
[EventRounds "9"]
[EventCountry "YUG"]
[SourceTitle "CBM 105 Extra"]
[Source "ChessBase"]
[SourceDate "2005.05.01"]
[SourceVersion "1"]
[SourceVersionDate "2005.05.01"]
[SourceQuality "1"]

1. d4 Nf6 2. Bg5 e6 3. Nf3 c5 4. e4 cxd4 5. e5 h6 6. Bh4 g5 7. exf6 gxh4 8.
Qxd4 h3 9. g3 Nc6 10. Qh4 Qb6 11. Nbd2 Nb4 12. Bd3 Nxd3+ 13. cxd3 Qb5 14. O-O
b6 15. Qe4 Qc6 16. Qxc6 dxc6 17. Ne4 Bb7 18. Ne5 Rd8 19. f4 c5 20. Rae1 Rd4 21.
b3 a5 22. Kf2 h5 23. Ke3 Rh6 24. Nc4 a4 25. Ncd2 Rg6 26. bxa4 h4 27. Rb1 hxg3
28. hxg3 Rb4 29. a3 Rxb1 30. Rxb1 e5 31. f5 Rg8 32. Kf3 Bd5 33. a5 Bh6 34. Nc4
h2 35. Rh1 b5 36. Ncd6+ 1-0

[Event "SCG-chT 4th"]
[Site "Vrnjacka Banja"]
[Date "2006.05.02"]
[Round "2"]
[White "Ivanisevic, Ivan"]
[Black "Pikula, Dejan"]
[Result "1-0"]
[WhiteElo "2598"]
[BlackElo "2537"]
[PlyCount "81"]
[EventDate "2006.05.01"]
[EventType "team"]
[EventRounds "7"]
[EventCountry "YUG"]
[SourceTitle "CBM 112 Extra"]
[Source "ChessBase"]
[SourceDate "2006.07.14"]
[SourceVersion "1"]
[SourceVersionDate "2006.07.14"]
[SourceQuality "1"]

1. d4 Nf6 2. Bg5 e6 3. Nf3 h6 4. Bh4 c5 5. e3 b6 6. Nbd2 cxd4 7. Bxf6 Qxf6 8.
exd4 Bb7 9. Bd3 Nc6 10. c3 a6 11. Qe2 d5 12. Ne5 Nxe5 13. dxe5 Qd8 14. Nf3 b5
15. a3 Bc5 16. Bxb5+ Kf8 17. Bd3 a5 18. a4 d4 19. O-O Bxf3 20. Qxf3 Rb8 21. Bb5
Qb6 22. Rad1 Kg8 23. Rd3 Rh7 24. Rfd1 dxc3 25. bxc3 h5 26. Rd7 g6 27. Qf6 Rg7
28. h4 Bf8 29. R1d4 Bc5 30. Rd8+ Rxd8 31. Rxd8+ Kh7 32. Rd7 Kg8 33. g3 Bf8 34.
Bd3 Qc6 35. Rd8 Qc5 36. Be4 Kh7 37. Qg5 Kg8 38. Re8 Qc7 39. Qd2 Rh7 40. Qd6
Qxd6 41. exd6 1-0

[Event "World Rapid 2019"]
[Site "Moscow RUS"]
[Date "2019.12.27"]
[Round "7.32"]
[White "Jobava, Ba"]
[Black "Paravyan, D."]
[Result "1-0"]
[WhiteElo "2604"]
[BlackElo "2629"]
[PlyCount "65"]
[EventDate "2019.12.26"]
[EventType "swiss (rapid)"]
[EventRounds "15"]
[EventCountry "RUS"]
[SourceTitle "The Week in Chess 1312"]
[Source "Mark Crowther"]
[SourceDate "2019.12.30"]
[SourceVersion "1"]
[SourceVersionDate "2019.12.30"]
[SourceQuality "2"]

1. d4 Nf6 2. Bg5 d5 3. e3 c5 4. dxc5 Ne4 5. Bh4 Nc6 6. f3 Nxc5 7. Nc3 Qa5 8.
Nge2 g6 9. Qd2 Be6 10. Nd4 Bg7 11. Bb5 Qb6 12. a4 a6 13. a5 Qc7 14. Bg3 Qc8 15.
Bxc6+ bxc6 16. b4 Nd7 17. Na4 h5 18. Nb6 Nxb6 19. axb6 h4 20. Bc7 h3 21. g3 Bd7
22. O-O O-O 23. Nb3 c5 24. Qxd5 e6 25. Qxc5 Bxa1 26. Rxa1 a5 27. Nxa5 Qa6 28.
c4 e5 29. b5 Qc8 30. Kf2 Rxa5 31. Rxa5 Bf5 32. Bd6 Qd7 33. Ra7 1-0

[Event "Speed Chess Super Swiss"]
[Site "chess.com INT"]
[Date "2021.10.16"]
[Round "15"]
[White "Jobava, Ba"]
[Black "Savchenko, B."]
[Result "1-0"]
[WhiteElo "2582"]
[BlackElo "2535"]
[PlyCount "63"]
[EventDate "2021.10.16"]
[SourceVersionDate "2018.05.14"]

1. d4 Nf6 2. Bg5 e6 3. e4 c5 4. d5 h6 5. Bxf6 Qxf6 6. Nc3 a6 7. a4 g5 8. a5 Bg7
9. Nf3 O-O 10. Be2 d6 11. O-O g4 12. Nd2 h5 13. Nc4 Nd7 14. Nxd6 exd5 15. Nxc8
Raxc8 16. Nxd5 Qe5 17. c3 Rcd8 18. Re1 Rfe8 19. Bc4 Nf6 20. Qb3 Nxe4 21. Qxb7
Qf5 22. Ne7+ Rxe7 23. Qxe7 Qxf2+ 24. Kh1 Rd2 25. Qe8+ Kh7 26. Qxe4+ f5 27. Qa8
Kh6 28. Rf1 Qh4 29. Rxf5 g3 30. Qxa6+ Kh7 31. h3 Qe4 32. Rxh5+ 1-0

[Event "TCh-FRA Top 12 2018"]
[Site "Brest FRA"]
[Date "2018.06.04"]
[Round "10.4"]
[White "Jobava, Ba"]
[Black "Hauchard, A."]
[Result "1-0"]
[WhiteElo "2663"]
[BlackElo "2535"]
[PlyCount "61"]
[EventDate "2018.05.26"]
[EventType "team"]
[EventRounds "11"]
[EventCountry "FRA"]
[SourceTitle "The Week in Chess 1230"]
[Source "Mark Crowther"]
[SourceDate "2018.06.04"]
[SourceVersion "1"]
[SourceVersionDate "2018.06.04"]
[SourceQuality "2"]
[WhiteTeam "Tremblay en France"]
[BlackTeam "Evry Grand Roque"]

1. d4 Nf6 2. Bg5 e6 3. e4 h6 4. Bxf6 Qxf6 5. Nf3 d6 6. Nc3 Nd7 7. Qd2 c6 8.
O-O-O e5 9. Kb1 Be7 10. Ne2 Bd8 11. Ng3 Bc7 12. h4 O-O 13. Be2 Re8 14. Ng5 Qf4
15. Qd3 Nf6 16. dxe5 dxe5 17. Bf3 hxg5 18. Ne2 Qxh4 19. Rxh4 gxh4 20. Qe3 Bb6
21. Qg5 Bxf2 22. Rf1 Bb6 23. Qxh4 Be6 24. g4 Nd7 25. Ng3 g6 26. Qh6 Nf8 27. Nf5
Bxf5 28. gxf5 Bd8 29. Be2 b5 30. f6 Ne6 31. Bg4 1-0

[Event "PNWCC Online Blitz JP 23"]
[Site "chess.com INT"]
[Date "2021.04.11"]
[Round "9"]
[White "Jobava, Ba"]
[Black "Eljanov, P."]
[Result "1-0"]
[WhiteElo "2603"]
[BlackElo "2672"]
[PlyCount "35"]
[EventDate "2021.04.11"]
[EventType "swiss (blitz)"]
[EventRounds "12"]
[SourceTitle "The Week in Chess 1379"]
[Source "Mark Crowther"]
[SourceDate "2021.04.12"]
[SourceVersion "1"]
[SourceVersionDate "2021.04.12"]
[SourceQuality "2"]

1. d4 Nf6 2. Bg5 e6 3. e4 h6 4. Bxf6 Qxf6 5. c3 c5 6. d5 g5 7. Na3 exd5 8. Nb5
Na6 9. Qxd5 Be7 10. Bc4 O-O 11. e5 Qg6 12. O-O-O Kg7 13. Ne2 d6 14. exd6 Be6
15. dxe7 Bxd5 16. exf8=Q+ Rxf8 17. Rxd5 Re8 18. Ng3 1-0